Puesta en marcha y control de los lodos activados constituyentes del sistema de tratamiento de descargas líquidas en la planta de Productos Alimenticios Nacionales S.A., PANASA
সংরক্ষণ করুন:
| প্রধান লেখক: | |
|---|---|
| অন্যান্য লেখক: | |
| বিন্যাস: | গ্রন্থ |
| প্রকাশিত: |
San José, Costa Rica
2002
|
| বিষয়গুলি: | |
| ট্যাগগুলো: |
ট্যাগ যুক্ত করুন
কোনো ট্যাগ নেই, প্রথমজন হিসাবে ট্যাগ করুন!
|
MARC
| LEADER | 00000nam a2200000Ia 4500 | ||
|---|---|---|---|
| 003 | 009048 | ||
| 005 | 20240509154657.0 | ||
| 008 | 140114s2002 cr a m 000 ||s d | ||
| 040 | |c cru CEDI | ||
| 090 | |a TFG 4610 | ||
| 100 | |a Sanabria Sandino, Roy Antonio, 1975- |9 3018 | ||
| 245 | |a Puesta en marcha y control de los lodos activados constituyentes del sistema de tratamiento de descargas líquidas en la planta de Productos Alimenticios Nacionales S.A., PANASA | ||
| 260 | |a San José, Costa Rica |c 2002 | ||
| 300 | |a xi, 90, [12] hojas : ilustraciones a color | ||
| 500 | |a Proyecto de graduación (licenciatura en ingeniería química)--Universidad de Costa Rica. Facultad de Ingeniería. Escuela de Ingeniería Química | ||
| 501 | |a Director de Proyecto de Graduación: Ing. Michael Henry Chacón Scheidelaar | ||
| 650 | |x LEVADURAS |x FABRICACION |x DISPOSICION DE RESIDUOS |x DISPOSICION DE AGUAS RESIDUALES |x PURIFICACION DE AGUAS RESIDUALES |9 7139 | ||
| 700 | |a Chacón Scheidelaar, Michael Henry, 1959-2010 |d Director del TFG |9 1524 | ||
| 942 | |c TFG |h TFG 4610 |i 009048 |6 TFG_4610_009048000000000 | ||
| 999 | |c 17836 |d 17836 | ||
